| 000 | 00669nam a22002057a 4500 | ||
|---|---|---|---|
| 999 |
_c19814 _d19814 |
||
| 003 | AR-CdUCM | ||
| 008 | 190522b ||||| |||| 00| 0 spa d | ||
| 040 |
_aMUNICIPALIDAD PROVINCIAL DEL CUSCO _cBIBLIOTECA MUNICIPAL DEL CUSCO |
||
| 082 |
_a227.87 / _bM79 |
||
| 100 |
_aMoreno Gomez, Jesus J. _941434 |
||
| 245 | _aLa epístola de San Pablo a los Hebreos / | ||
| 260 |
_aLima : _bRenovabis, _c1955. |
||
| 300 |
_a208 páginas ; _c24 cm. |
||
| 505 | _aContenido : Característica de la epístola -- Mediación -- Alianza divina... | ||
| 650 |
_aSacerdocio _941435 |
||
| 650 |
_aReligión _91195 |
||
| 650 |
_aDoctrinas _919990 |
||
| 942 |
_2ddc _cLIBROS |
||
| 945 | _arcc | ||